| 000 | 01168nam a22002897a 4500 | ||
|---|---|---|---|
| 003 | DO-SdBPM | ||
| 005 | 20250707104024.0 | ||
| 007 | ta | ||
| 008 | 211115b2021 dr a|||| |||| 00| 0 spa d | ||
| 020 | _a9789945911725 | ||
| 040 |
_aDO-SdBPM _bspa _cBPMSU _drda |
||
| 082 | 4 |
_a737.497293 _bE82f 2021 _222 |
|
| 100 | 1 |
_aEstrella Gómez, Miguel- _eautor |
|
| 245 | 1 | 0 |
_aFelipe II en la numismática dominicana / _cMiguel Estrella Gómez. |
| 264 |
_aSanto Domingo : _bSociedad Numismática Dominicana, _c2021 |
||
| 300 |
_a33 págians : _bilustraciones ; _c23 cm. |
||
| 336 |
_atexto _btxt _2rdacontent |
||
| 337 |
_asin mediación _bn _2rdamedia |
||
| 338 |
_avolumen _bnc _2rdacarrier |
||
| 504 | _aBibliografía : p. 33 | ||
| 505 | 0 |
_aPresentación -- _tFelipe II en la numismática dominicana -- _tAntecedentes -- _tRosello de la llave -- _tMonedas acuñadas en Santo Domingo a nombre de Felipe II -- |
|
| 590 | _aInventariado, 2025 /VM | ||
| 600 | 1 | 4 |
_aFelipe _d1527-1598. _bII, _cRey de España, _vEnsayos, conferencias, etc. _q |
| 650 | 7 |
_aNumismática. _zRepública Dominicana _y1544-1564 |
|
| 910 | _aVMateo V. Control de calidad. BPMSU | ||
| 942 |
_2ddc _cBK |
||
| 999 |
_c15254 _d15254 |
||